000 00470nam a2200157Ia 4500
008 180910s9999 xx 000 0 und d
100 _aThe Journal of Educational Research.
245 4 _aThe Journal of Educational Research
245 _cThe Journal of Educational Research.
260 _bRoutledge
260 _c2010
300 _apages 228-294, May 2010
440 _aThe Journal of Educational Research
_v103:4
650 _aEducation.
650 _aPeriodicals.
999 _c358773
_d358773